Welcome to the Holygrace Academy Library

Please use search bar below to get started

FESTIVALS OF INDIA (Record no. 6081)

MARC details
000 -LEADER
fixed length control field 00255nam a22001337a 4500
082 ## - DEWEY DECIMAL CLASSIFICATION NUMBER
Classification number 001
Item number SAT/F
100 ## - MAIN ENTRY--AUTHOR NAME
Personal name SATHEESAN
245 ## - TITLE STATEMENT
Title FESTIVALS OF INDIA
260 ## - PUBLICATION, DISTRIBUTION, ETC. (IMPRINT)
Place of publication THRISSUR
Name of publisher H&C
300 ## - PHYSICAL DESCRIPTION
Number of Pages 48
520 ## - SUMMARY, ETC.
Summary, etc GK
650 ## - SUBJECT ADDED ENTRY--TOPICAL TERM
Topical Term GK
Geographic subdivision KERALA
942 ## - ADDED ENTRY ELEMENTS (KOHA)
Koha item type Books
Holdings
Withdrawn status Lost status Collection code Home library Current library Shelving location Date acquired Source of acquisition Cost, normal purchase price Full call number Accession Number Koha item type
    G.K Main Library Main Library   25/04/2009 PURCHASE 10.00 001 SAT/F 04041 Books
    G.K Main Library Main Library   23/03/2015 PURCHASE 10.00 001 SAT/F 03497 Books
    G.K Main Library Main Library   31/10/2023 PURCHASE 10.00 001 SAT/F 09718 Books